[Event "Hoogovens-B"]
[Site "Wijk aan Zee"]
[Date "1975.??.??"]
[Round "12"]
[White "Ciocaltea, Victor"]
[Black "Ligterink, Gert"]
[Result "1/2-1/2"]
[WhiteElo "2460"]
[BlackElo "2365"]

1.e4 c5 2.Nf3 e6 3.d4 cxd4 4.Nxd4 Nc6 5.Nc3 d6 6.Be3 Nf6 7.Nb3 Be7 8.f4 O-O
9.Qf3 d5 10.e5 Nd7 11.Bd3 Nb4 12.O-O b6 13.Nd4 Nxd3 14.cxd3 Bb7 15.Qg3 Rc8
16.f5 Nxe5 17.f6 Bxf6 18.Rxf6 Qxf6 19.Rf1 Qg6 20.Qxe5 Rfe8 21.Rf3 f6 22.Qd6 Rcd8
23.Qa3 a6 24.Bf2  1/2-1/2

[Event "Hoogovens-B"]
[Site "Wijk aan Zee"]
[Date "1975.??.??"]
[Round "14"]
[White "Ligterink, Gert"]
[Black "Dieks, Roy G"]
[Result "1-0"]
[WhiteElo "2365"]
[BlackElo "2305"]

1.e4 c5 2.Nf3 e6 3.d4 cxd4 4.Nxd4 Nc6 5.Nc3 d6 6.Be3 Nf6 7.Bc4 a6 8.Qe2 Be7
9.O-O-O Qc7 10.Bb3 O-O 11.Rhg1 Na5 12.g4 b5 13.g5 Nd7 14.Bd5 b4 15.Nxe6 fxe6
16.Bxe6+ Kh8 17.Nd5 Qd8 18.g6 Ne5 19.Qh5 Nxg6 20.Rxg6 Qe8 21.Rdg1 Bxe6 22.Bd4 Bf6
23.Nxf6 Rxf6 24.Bxf6 gxf6 25.Qh6 Qf8 26.Rg7 Nb3+ 27.axb3 Bxb3 28.Qxh7+  1-0

[Event "Rovinj/Zagreb"]
[Site "Zagreb"]
[Date "1975.??.??"]
[Round "4"]
[White "Sax, Gyula"]
[Black "Kuzmin, Gennadi P"]
[Result "1/2-1/2"]
[WhiteElo "2510"]
[BlackElo "2600"]

1.e4 c5 2.Nf3 e6 3.d4 cxd4 4.Nxd4 Nc6 5.Nc3 d6 6.Be2 Nf6 7.O-O Be7 8.Be3 Bd7
9.f4 Nxd4 10.Qxd4 Bc6 11.Rad1 O-O 12.f5 e5 13.Qd3 b5 14.Bg5 b4 15.Bxf6 Bxf6
16.Nd5 Bxd5 17.Qxd5 Qb6+  1/2-1/2

[Event "Rovinj/Zagreb"]
[Site "Zagreb"]
[Date "1975.??.??"]
[Round "6"]
[White "Tringov, Georgi P"]
[Black "Kuzmin, Gennadi P"]
[Result "1/2-1/2"]
[WhiteElo "2470"]
[BlackElo "2600"]

1.e4 c5 2.Nf3 e6 3.d4 cxd4 4.Nxd4 Nc6 5.Nc3 d6 6.Be2 Nf6 7.O-O Be7 8.Be3 O-O
9.f4 Bd7 10.Nb3 a6 11.a4 b6 12.Bf3 Qc7 13.Qe2 Bc8 14.Rad1  1/2-1/2

[Event "Capablanca mem-B 13th"]
[Site "Cienfuegos"]
[Date "1976.05.17"]
[Round "1"]
[White "Durao, Joaquim"]
[Black "Hernandez, Jose de Jesus"]
[Result "0-1"]
[WhiteElo "2325"]
[BlackElo "2300"]

1.e4 c5 2.Nf3 e6 3.d4 cxd4 4.Nxd4 Nc6 5.Nc3 Nf6 6.g3 d6 7.Bg2 Bd7 8.O-O Be7
9.Ndb5 Qb8 10.a4 a6 11.Na3 Qc7 12.Be3 Rb8 13.f4 O-O 14.g4 d5 15.e5 Ne4 16.Nxe4 dxe4
17.Bxe4 Rfd8 18.Qe2 Na5 19.Qf2 b6 20.b3 Bf8 21.Nb1 b5 22.axb5 Bxb5 23.Rc1 Rdc8
24.Nd2 Bb4 25.Nf3 h6 26.g5 Bc3 27.Rab1 Bc6 28.Bxc6 Qxc6 29.gxh6 gxh6 30.Bd4 Kh7
31.Bxc3 Rg8+ 32.Ng5+ hxg5 33.Bxa5 gxf4+ 34.Kf1 Qb5+ 35.c4 Qxa5 36.b4 Qxe5
37.Re1 Qg5 38.Rb3 Rg6 39.Re4 e5 40.Rh3+ Kg7  0-1

[Event "Capablanca mem-C 13th"]
[Site "Cienfuegos"]
[Date "1976.05.17"]
[Round "1"]
[White "Quinones, Oscar Carillo"]
[Black "Fernandez, Ciro A"]
[Result "1/2-1/2"]
[WhiteElo "2350"]
[BlackElo "2360"]

1.e4 c5 2.Nf3 e6 3.d4 cxd4 4.Nxd4 Nc6 5.Nc3 Nf6 6.a3 d6 7.Be2 Be7 8.Be3 O-O
9.O-O Nxd4 10.Qxd4 b6 11.f4 Bb7 12.Bf3 Nd7 13.Rad1 e5 14.Qd2 exf4 15.Bxf4 Ne5
16.Be2 Rc8 17.Qe1 Bh4  1/2-1/2

[Event "Capablanca mem-A 13th"]
[Site "Cienfuegos"]
[Date "1976.05.18"]
[Round "2"]
[White "Sznapik, Aleksander"]
[Black "Garcia Gonzales, Guillermo"]
[Result "0-1"]
[WhiteElo "2390"]
[BlackElo "2475"]

1.e4 c5 2.Nf3 Nc6 3.d4 cxd4 4.Nxd4 e6 5.Nc3 d6 6.Be2 Nf6 7.O-O Be7 8.Be3 O-O
9.f4 e5 10.Nb3 a5 11.a4 Nb4 12.Kh1 Be6 13.Bf3 exf4 14.Bxf4 Nd7 15.Nd4 Ne5
16.Ncb5 Rc8 17.Be2 Na6 18.Nf5 Bf6 19.Nbxd6 Rc6 20.Nb5 Ng6 21.Nbd4 Rb6 22.Be3 Bc8
23.Bb5 Qc7 24.c3 Nc5 25.Nb3 Rxb5 26.axb5 Nxe4 27.b6 Qc4 28.Rxa5 Re8 29.Ra8 Bd8
30.Nbd4 Bxb6 31.h3 Bd7 32.Rxe8+ Bxe8 33.Qf3 Bc7 34.b3 Qd5 35.c4 Qe5 36.Bg1 Nd2
37.Qf2 Nxf1 38.Qxf1 Qe4 39.Qe2 Qxe2 40.Nxe2 Bd7 41.Nfd4 Ne5 42.Bh2 f6 43.Nc3 Bb6
44.Nde2 Bc6 45.Nf4 Kf7 46.Nfd5 Bd4 47.Bg1 Bxg1 48.Kxg1 Nd3 49.Kf1 Ke6 50.Ne3 Ke5
51.Na2 f5 52.Ke2 Be4 53.g3 f4 54.Nf1 fxg3 55.Nxg3 Nf4+ 56.Ke3 Bc2 57.Nc1 Nxh3
58.b4 Nf4 59.b5 Ne6 60.Kd2 Bg6 61.Nb3 h5 62.Ke3 h4 63.Nf1 Bc2 64.Nbd2 Bd1
65.Ne4 Bc2 66.Ned2 Kd6 67.Kf3 Bd1+ 68.Ke3 Kc5 69.Ne4+ Kb4 70.b6 Ba4 71.Nd6 Bc6
72.Nf5 g5 73.Ne7 Kc5 74.Nxc6 Kxc6 75.Ke4 g4 76.Ne3 g3 77.Kf3 Nd4+ 78.Kg4 Kxb6
79.Ng2 Nf5 80.Nf4 Ne7 81.Nh3 Ng6 82.Kg5 Kc5 83.Kxg6 Kxc4 84.Kg5 b5 85.Kxh4 b4
86.Kxg3 b3 87.Nf2 b2 88.Ne4 Kd3  0-1

[Event "Capablanca mem-C 13th"]
[Site "Cienfuegos"]
[Date "1976.05.19"]
[Round "3"]
[White "Pinal, Nelson Borges"]
[Black "Bueno Perez, Lazaro"]
[Result "1/2-1/2"]
[WhiteElo "2315"]
[BlackElo "2200"]

1.e4 c5 2.Nf3 e6 3.Nc3 Nc6 4.d4 cxd4 5.Nxd4 Nf6 6.g3 Bb4 7.Bg2 O-O 8.O-O d5
9.exd5 exd5 10.Nce2 Bg4 11.f3 Be6 12.c3 Bc5 13.Be3 Re8 14.Bf2 Qd7 15.Nb3 Bxf2+
16.Rxf2 Ne5 17.Ned4 Nc4 18.Bf1 Rac8 19.Bd3 Re7 20.Qc2 Ne3 21.Qd2 Bh3 22.Re1 Rce8
23.Rfe2 Nc4 24.Qc2 b6 25.Kf2 g6 26.Rxe7 Rxe7 27.Rxe7 Qxe7 28.Bxc4 dxc4 29.Nd2 Be6
30.Qa4 Bd5 31.Nxc4 Bxf3 32.Nxf3 Ng4+ 33.Kg1 Qe4 34.Qd1 Qxc4 35.Qd8+ Kg7 36.Qd4+ Qxd4+
37.Nxd4 Ne3 38.Nb5 a6 39.Nc7 Nd1 40.Nxa6 Nxb2 41.Nb4 f5  1/2-1/2

[Event "Capablanca mem-B 13th"]
[Site "Cienfuegos"]
[Date "1976.05.22"]
[Round "6"]
[White "Andres Mendez, Miguel"]
[Black "Rodriguez Cordoba, Jesus R"]
[Result "1/2-1/2"]
[WhiteElo "2355"]
[BlackElo "2385"]

1.e4 c5 2.Nf3 e6 3.d4 cxd4 4.Nxd4 Nc6 5.Nc3 Qc7 6.Be2 a6 7.O-O Nf6 8.Be3 Bb4
9.Nxc6 bxc6 10.Na4 O-O 11.Nb6 Rb8  1/2-1/2

[Event "Capablanca mem-B 13th"]
[Site "Cienfuegos"]
[Date "1976.05.26"]
[Round "10"]
[White "Verduga, Denis Homero"]
[Black "Rodriguez Cordoba, Jesus R"]
[Result "1/2-1/2"]
[WhiteElo "2265"]
[BlackElo "2385"]

1.e4 c5 2.Nf3 e6 3.d4 cxd4 4.Nxd4 Nc6 5.Nc3 Qc7 6.Be2 a6 7.O-O Nf6 8.Kh1 Bb4
9.Bg5 Bxc3 10.Bxf6 gxf6 11.bxc3 Qf4 12.Rb1  1/2-1/2

[Event "Capablanca mem-C 13th"]
[Site "Cienfuegos"]
[Date "1976.05.27"]
[Round "11"]
[White "Bueno Perez, Lazaro"]
[Black "Fernandez, Ciro A"]
[Result "1/2-1/2"]
[WhiteElo "2200"]
[BlackElo "2360"]

1.e4 e6 2.d4 c5 3.Nf3 cxd4 4.Nxd4 Nc6 5.Nc3 d6 6.Be2 Nf6 7.O-O Be7 8.Be3 O-O
9.Kh1 Nxd4 10.Bxd4 e5 11.Be3 Be6 12.f4 exf4 13.Rxf4 Nd7 14.Rf1 Ne5 15.Qd2 a6
16.a4 Rc8 17.Nd5 Bxd5 18.exd5 Bf6 19.Bd4 Bg5 20.Qd1 Re8 21.b3 g6 22.a5 Nd7
23.Bd3 Be3 24.Bb2 Ne5  1/2-1/2

[Event "Capablanca mem-B 13th"]
[Site "Cienfuegos"]
[Date "1976.05.28"]
[Round "12"]
[White "Durao, Joaquim"]
[Black "Rodriguez Cordoba, Jesus R"]
[Result "1/2-1/2"]
[WhiteElo "2325"]
[BlackElo "2385"]

1.e4 c5 2.Nf3 e6 3.d4 cxd4 4.Nxd4 Nc6 5.Nc3 Qc7 6.Be2 a6 7.f4 Nxd4 8.Qxd4 Ne7
9.Qf2 b5 10.a3 Bb7 11.Be3 Nc8 12.O-O Be7 13.Rad1 O-O 14.Rd3 d6 15.Rfd1 Re8
16.Bd4 e5 17.Be3 exf4 18.Bxf4 Bf6 19.Qg3 Qc5+ 20.Kh1 a5 21.Bxd6 Nxd6 22.Qxd6 Qxd6
23.Rxd6 b4 24.axb4 axb4 25.Nd5 Bxd5 26.R6xd5 Rxe4  1/2-1/2

[Event "Capablanca mem-C 13th"]
[Site "Cienfuegos"]
[Date "1976.05.30"]
[Round "14"]
[White "Nogueiras, Jesus"]
[Black "Boudy, Julio"]
[Result "1/2-1/2"]
[WhiteElo "2200"]
[BlackElo "2395"]

1.e4 c5 2.Nf3 e6 3.d4 cxd4 4.Nxd4 Nc6 5.Nc3 a6 6.Be3 Qc7 7.f4 b5 8.Be2 Bb7
9.O-O Bc5 10.Bf3 Qb6 11.Nce2 Nf6 12.c3 Nxd4 13.cxd4 Be7 14.Ng3 d5 15.e5 Nd7
16.Qe2 g6 17.Rac1 O-O 18.Bg4 Rfc8 19.Rxc8+  1/2-1/2

[Event "Capablanca mem-B 13th"]
[Site "Cienfuegos"]
[Date "1976.05.30"]
[Round "14"]
[White "Garcia, Wilfredo"]
[Black "Hernandez, Jose de Jesus"]
[Result "0-1"]
[WhiteElo "2320"]
[BlackElo "2300"]

1.e4 c5 2.Nf3 e6 3.d4 cxd4 4.Nxd4 Nc6 5.Nc3 d6 6.Be2 Nf6 7.Be3 Be7 8.O-O O-O
9.f4 Bd7 10.Nb3 b6 11.Qe1 Qc7 12.Qg3 Na5 13.e5 Ne8 14.Nxa5 bxa5 15.Bd3 Rb8
16.Rab1 f5 17.exf6 Nxf6 18.Bd4 Rb4 19.Bxf6 Bxf6 20.Ne4 Qb6+ 21.Kh1 Rxb2 22.Rxb2 Qxb2
23.Nxd6 Qxa2 24.Qh3 g6 25.f5 Be7 26.Nc4 exf5 27.Qe3 Bf6 28.Qxa7 Be6 29.Qa6 Bd5
30.Nb6 Kg7 31.Nd7 Bxg2+ 32.Kxg2 Qd5+ 33.Rf3 Qxd7 34.Qxa5 Rb8 35.Qe1 Re8 36.Qb1 Qd4
37.h3 Qe5 38.Qb7+ Re7 39.Qb4 Qa1 40.c4 Re1 41.Rf1 Qa8+ 42.Kh2 Re3  0-1

[Event "Aarhus"]
[Site "Aarhus"]
[Date "1976.??.??"]
[Round "?"]
[White "Mortensen, Erling"]
[Black "Ogaard, Leif"]
[Result "1/2-1/2"]
[WhiteElo "2200"]
[BlackElo "2490"]

1.e4 c5 2.Nf3 e6 3.d4 cxd4 4.Nxd4 Nc6 5.Nc3 a6 6.Be2 Qc7 7.f4 b5 8.Nxc6 Qxc6
9.Bf3 Bb7 10.e5 Qc7 11.O-O Rd8 12.Bxb7 Qxb7 13.Qe2 Nh6 14.Ne4 Nf5 15.g4 Nd4
16.Qd3 Nc6 17.Be3 d5 18.exd6 Nb4 19.Nc5 Nxd3 20.Nxb7 Rd7 21.Nc5  1/2-1/2

[Event "Agard"]
[Site "Agard"]
[Date "1976.??.??"]
[Round "8"]
[White "Bielczyk, Jacek"]
[Black "Horvath, Gyula"]
[Result "1-0"]
[WhiteElo "2375"]
[BlackElo "2280"]

1.e4 c5 2.Nf3 e6 3.d4 cxd4 4.Nxd4 Nc6 5.Nc3 a6 6.g3 d6 7.Bg2 Bd7 8.O-O Nf6
9.Re1 Be7 10.Nxc6 Bxc6 11.a4 O-O 12.a5 Nd7 13.Be3 Nc5 14.Qe2 Re8 15.Red1 Qc7
16.Qd2 Bf8 17.Bf4 e5 18.Be3 Rac8 19.b4 Nd7 20.Bh3 Rcd8 21.Rac1 h6 22.Qd3 g6
23.Bxd7 Qxd7 24.Nd5 Bxd5 25.Qxd5 Kh7 26.c4 Kg7 27.Bb6 Rc8 28.b5 h5 29.h4 Be7
30.bxa6 bxa6 31.Qxe5+ Bf6 32.Qxd6 Qg4 33.Bd4 Bxd4 34.Qxd4+ Kg8 35.Re1 Rc6
36.c5 Qc8 37.e5 Qc7 38.Qb4 Rb8 39.Qc4 Re8 40.Qc3 Rc8 41.Qd3 Re8 42.Qc3 Rc8
43.e6 fxe6 44.Qd3 Kf7 45.Rc4 Rd8 46.Qc3 Rd5 47.Rf4+ Rf5 48.Rxf5+ gxf5 49.Qh8 Qxa5
50.Rd1 Qc7 51.Qxh5+ Kf6 52.Qh6+ Kf7 53.Qh5+ Kf6 54.Qg5+ Ke5 55.f4+ Ke4 56.Qh5 Ke3
57.Kf1  1-0

[Event "IBM"]
[Site "Amsterdam"]
[Date "1976.??.??"]
[Round "6"]
[White "Sigurjonsson, Gudmundur"]
[Black "Langeweg, Kick"]
[Result "1/2-1/2"]
[WhiteElo "2530"]
[BlackElo "2450"]

1.e4 c5 2.Nf3 e6 3.d4 cxd4 4.Nxd4 Nc6 5.Nc3 d6 6.Be2 Nf6 7.O-O Be7 8.Be3 O-O
9.f4 a6 10.Qe1 Bd7 11.Qg3 Nxd4 12.Bxd4 Bc6 13.Rae1 b5 14.a3 Qd7 15.Bd3 a5
16.Rf3 Rfe8 17.Nd1 g6 18.Nf2 Nh5 19.Qh3 e5 20.Qxd7 Bxd7 21.fxe5  1/2-1/2

[Event "IBM"]
[Site "Amsterdam"]
[Date "1976.??.??"]
[Round "9"]
[White "Olafsson, Fridrik"]
[Black "Langeweg, Kick"]
[Result "0-1"]
[WhiteElo "2550"]
[BlackElo "2450"]

1.e4 c5 2.Nf3 e6 3.d4 cxd4 4.Nxd4 Nc6 5.Nc3 a6 6.Be2 d6 7.Be3 Nf6 8.f4 Be7
9.Qd2 O-O 10.O-O-O Qc7 11.g4 b5 12.g5 Nd7 13.f5 b4 14.Na4 Nxd4 15.Bxd4 Qa5
16.f6 Bd8 17.b3 Bb7 18.fxg7 Re8 19.h4 Bxe4 20.Rhf1 Ne5 21.Rf4 Bf5 22.Rdf1 Qd5
23.Nb6 Bxb6 24.Bxb6 Qc6 25.Bd4 Rac8 26.Bxe5 dxe5 27.Rc4 Qg2 28.Re1 a5 29.Rxc8 Rxc8
30.Bc4 Qxd2+ 31.Kxd2 Rd8+ 32.Kc1 e4 33.Re3 Kxg7 34.c3 Kg6 35.Be2 f6 36.gxf6 Kxf6
37.Kc2 Ke5 38.Rg3 Kf4 39.Rg1 e3+ 40.Kc1 Rd2  0-1

[Event "IBM-B"]
[Site "Amsterdam"]
[Date "1976.??.??"]
[Round "9"]
[White "Hartoch, Robert G"]
[Black "Matera, Salvatore"]
[Result "1/2-1/2"]
[WhiteElo "2365"]
[BlackElo "2420"]

1.e4 c5 2.Nf3 e6 3.d4 cxd4 4.Nxd4 Nc6 5.Nc3 Qc7 6.Be2 a6 7.O-O Nf6 8.Be3 Bb4
9.Na4 O-O 10.c4 Nxe4 11.Bf3 Qe5 12.Ne2 d6 13.a3 Ba5 14.Bf4 Qf5 15.Bxe4 Qxe4
16.Bxd6 Rd8 17.c5 Bc7 18.Nec3 Qg6 19.Bxc7 Rxd1 20.Raxd1 e5 21.Bxe5 Bg4 22.Rd6 Qc2
23.Bf4 Re8 24.Rd2 Qg6 25.f3 Bf5 26.Nd5 Bd3 27.Ra1 Nd4 28.Rf2 Qe6 29.Nac3 Ne2+
30.Rxe2 Bxe2 31.Nc7 Qc4 32.Nxe8 Qxf4 33.Nxe2 Qe3+ 34.Kf1 Qxe8 35.b4 h6 36.Rc1 Qe5
37.g3 Qb2 38.Rc3 g5 39.h4 Qb1+ 40.Kf2 gxh4 41.gxh4 Kf8  1/2-1/2

[Event "IBM"]
[Site "Amsterdam"]
[Date "1976.??.??"]
[Round "13"]
[White "Sax, Gyula"]
[Black "Langeweg, Kick"]
[Result "1-0"]
[WhiteElo "2530"]
[BlackElo "2450"]

1.e4 c5 2.Nf3 e6 3.d4 cxd4 4.Nxd4 Nc6 5.Nc3 a6 6.Be2 d6 7.O-O Nf6 8.Be3 Be7
9.f4 O-O 10.a4 Qc7 11.Kh1 Re8 12.Nb3 b6 13.Bf3 Bb7 14.Qe2 Nd7 15.Rad1 Rac8
16.Nc1 Na5 17.Bd4 e5 18.fxe5 dxe5 19.Bf2 Nf6 20.Nd3 Nc4 21.Rb1 Nxb2 22.Rxb2 Qxc3
23.Rxb6 Rc7 24.Bg3 Bf8 25.Rb3 Qa5 26.Ra1 Rd7 27.c4 Bc6 28.c5 Rd4 29.Be1 Qc7
30.Bc3 Rxa4 31.Qb2 Rxa1+ 32.Qxa1 Nxe4 33.Bxe5 Qd7 34.Qg1 f6 35.Bd4 Bb5 36.Nf4 Kh8
37.Bh5 Rc8 38.Rh3 Kg8 39.Qe3 Bc6 40.Qb3+ Bd5 41.Nxd5  1-0

[Event "Banja Luka"]
[Site "Banja Luka"]
[Date "1976.??.??"]
[Round "11"]
[White "Planinec, Albin"]
[Black "Kurajica, Bojan"]
[Result "0-1"]
[WhiteElo "2485"]
[BlackElo "2525"]

1.e4 c5 2.Nf3 Nc6 3.Nc3 e6 4.d4 cxd4 5.Nxd4 Qc7 6.Be2 a6 7.O-O Nf6 8.Kh1 Be7
9.f4 d6 10.Be3 Bd7 11.Qe1 b5 12.Bf3 b4 13.Nd1 Nxd4 14.Bxd4 e5 15.Bg1 Rb8
16.fxe5 dxe5 17.Ne3 O-O 18.g4 Qb7 19.g5 Nxe4 20.Nc4 Bc6 21.Nxe5 Bd5 22.Rd1 f5
23.gxf6 Bxf6 24.Bc5 Bxe5 25.Bxf8 Rxf8 26.Kg2 Nd2 27.Rxd2 Bxf3+ 28.Kg1 Qb6+  0-1

[Event "Beersheba"]
[Site "Beersheba"]
[Date "1976.??.??"]
[Round "10"]
[White "Damjanovic, Mato"]
[Black "Hartston, William R"]
[Result "1/2-1/2"]
[WhiteElo "2425"]
[BlackElo "2445"]

1.e4 c5 2.Nf3 e6 3.d4 cxd4 4.Nxd4 Nc6 5.Nc3 a6 6.Be2 d6 7.O-O Nf6 8.Be3 Be7
9.f4 O-O 10.Kh1 Bd7 11.Qe1 b5 12.a3 Qc7 13.Qg3 Nxd4 14.Bxd4 Bc6  1/2-1/2

[Event "Tungsram"]
[Site "Budapest"]
[Date "1976.??.??"]
[Round "?"]
[White "Honfi, Karoly"]
[Black "Jansa, Vlastimil"]
[Result "0-1"]
[WhiteElo "2460"]
[BlackElo "2490"]

1.e4 c5 2.Nf3 e6 3.d4 cxd4 4.Nxd4 Nc6 5.Nc3 a6 6.Be2 Qc7 7.O-O Nf6 8.Kh1 Be7
9.Be3 O-O 10.f4 d6 11.Qe1 Nxd4 12.Bxd4 b5 13.e5 dxe5 14.fxe5 Nd7 15.Bd3 Bb7
16.Ne4 Rad8 17.Qe3 Nxe5 18.Bb6 Rxd3 19.cxd3 Qc6 20.Rac1 Qd5 21.Rc7 Bd8 22.Qg3 Nxd3
23.Rxb7 Qxb7 24.Bd4 e5 25.Nd6 Qe7 26.Nf5 Qg5 27.Qxd3 exd4 28.Qxd4 Qf6 29.Qd2 Kh8
30.Rf3 Qe6 31.h4 Bf6 32.h5 Rd8 33.Qa5 Rd1+ 34.Kh2 Qe5+ 35.Kh3 Rh1+ 36.Kg4 Qe4+
37.Rf4 Qe2+ 38.Kg3 Rxh5 39.Rg4 Rxf5 40.Qc7 Qf2+ 41.Kh3 Rh5+  0-1

[Event "Tungsram"]
[Site "Budapest"]
[Date "1976.??.??"]
[Round "?"]
[White "Suetin, Alexey S"]
[Black "Barczay, Laszlo"]
[Result "1-0"]
[WhiteElo "2525"]
[BlackElo "2485"]

1.e4 c5 2.Nf3 e6 3.d4 cxd4 4.Nxd4 Nc6 5.Nc3 d6 6.Be3 a6 7.f4 Nf6 8.Qf3 Qc7
9.O-O-O Bd7 10.g4 h6 11.Be2 b5 12.e5 dxe5 13.fxe5 b4 14.Ndb5 axb5 15.Nxb5 Qc8
16.exf6 b3 17.fxg7 Nb4 18.Nc7+ Qxc7 19.Qxa8+ Ke7 20.Rxd7+ Kxd7 21.Bb5+  1-0

[Event "Tungsram"]
[Site "Budapest"]
[Date "1976.??.??"]
[Round "?"]
[White "Jansa, Vlastimil"]
[Black "Barczay, Laszlo"]
[Result "0-1"]
[WhiteElo "2490"]
[BlackElo "2485"]

1.e4 c5 2.Nf3 e6 3.d4 cxd4 4.Nxd4 Nc6 5.Nc3 Qc7 6.g3 a6 7.Bg2 d6 8.O-O Bd7
9.Re1 Be7 10.Nxc6 Bxc6 11.Qg4 h5 12.Qe2 h4 13.a4 hxg3 14.hxg3 Nf6 15.Be3 b6
16.Rad1 Bb7 17.Bd4 Rc8 18.Rd3 Kf8 19.e5 Ne8 20.Bxb7 Qxb7 21.Qf3 Qxf3 22.Rxf3 dxe5
23.Bxe5 Bf6 24.Rd3 Rh5 25.Bxf6 Nxf6 26.Rd6 Rb8 27.Red1 Ke7 28.Rc6 Rc5 29.Rxc5 bxc5
30.b3 c4 31.bxc4 Rc8 32.Rd4 Nd7 33.Kf1 Ne5 34.Ke2 Nxc4 35.Kd3 Ne5+ 36.Ke4 f6
37.f4 Rxc3 38.fxe5 f5+ 39.Kf4 g5+ 40.Kxg5 Rxg3+ 41.Kf4 Rg4+  0-1

[Event "Tungsram"]
[Site "Budapest"]
[Date "1976.??.??"]
[Round "?"]
[White "Haag, Ervin"]
[Black "Suetin, Alexey S"]
[Result "1/2-1/2"]
[WhiteElo "2430"]
[BlackElo "2525"]

1.e4 c5 2.Nf3 e6 3.d4 cxd4 4.Nxd4 Nc6 5.Nc3 a6 6.Be3 Nf6 7.Nxc6 bxc6 8.e5 Nd5
9.Nxd5 cxd5 10.Qd4 Rb8 11.a3 Be7 12.Bd3 O-O 13.O-O d6 14.Bf4 f6 15.exd6 Bxd6
16.Bxd6 Qxd6 17.c4 Bb7 18.cxd5 Bxd5 19.Rac1 Rfd8 20.Rfd1 a5 21.Rd2 Qb6 22.Qxb6 Rxb6
23.Be4 a4 24.g3 Rd7 25.Rc5 Kf7 26.Bxd5 exd5 27.Rcxd5 Rxd5 28.Rxd5 Rxb2 29.Rd4 Ra2
30.Rxa4 h5 31.Ra7+ Kg6 32.h4 Kh6 33.Ra6 Kg6 34.Kg2 Kf5 35.Ra5+ Kg6 36.Ra7 Kh6
37.Kf3 Kg6 38.Ra6 Kh6 39.Ke3 Kg6 40.Ra5 Kh6 41.Ra6 Kg6 42.f3  1/2-1/2

[Event "HUN-ch"]
[Site "Budapest"]
[Date "1976.??.??"]
[Round "14"]
[White "Karsa, Laszlo"]
[Black "Barczay, Laszlo"]
[Result "0-1"]
[WhiteElo "2200"]
[BlackElo "2485"]

1.e4 c5 2.Nf3 e6 3.d4 cxd4 4.Nxd4 Nc6 5.Nc3 d6 6.g3 a6 7.Bg2 Bd7 8.O-O Nf6
9.b3 Rc8 10.Bb2 Be7 11.Nce2 Nxd4 12.Nxd4 b5 13.f4 O-O 14.Qe2 Qb6 15.Kh1 Rc5
16.e5 dxe5 17.fxe5 Nd5 18.c4 bxc4 19.bxc4 Nb4 20.Rab1 a5 21.a3 Nc6 22.Bc3 Qa6
23.Nb5 Nb8 24.Rfc1 Bc6 25.Bd4 Bxg2+ 26.Qxg2 Rcc8 27.c5 Nc6 28.Ba1 Nb4 29.Nd6 Nd3
30.Nxc8 Rxc8 31.Rc2 Bxc5 32.Qb7 Qxb7+ 33.Rxb7 Rd8 34.Rb3 h6 35.Rbc3 Rd5 36.a4 Kh7
37.Bb2 Nxb2 38.Rxc5 Rd1+ 39.Kg2 Nd3 40.R2c4 Nxc5 41.Rxc5 Rd2+ 42.Kf3 Rxh2
43.Rxa5 g5 44.Rb5 Ra2 45.a5 Ra3+ 46.Kf2 h5 47.Rb7 Kg6 48.Ra7 g4 49.a6 Ra5
50.Ra8 Kf5 51.Rf8 Rxa6 52.Rxf7+ Kxe5 53.Rh7 Ke4 54.Rxh5 Ra2+ 55.Kg1 Kf3 56.Re5 Re2  0-1

[Event "ARG-ch"]
[Site "Buenos Aires"]
[Date "1976.??.??"]
[Round "5"]
[White "Bazan, Osvaldo"]
[Black "Brond, Victor"]
[Result "1/2-1/2"]
[WhiteElo "2290"]
[BlackElo "2345"]

1.e4 c5 2.Nf3 e6 3.d4 cxd4 4.Nxd4 Nc6 5.Nc3 Qc7 6.g3 a6 7.Bg2 d6 8.O-O Bd7
9.Kh1 Be7 10.f4 Nf6 11.Nf3 O-O 12.Qe2 Rac8 13.b3 Nd4 14.Nxd4 Qxc3 15.Be3 e5
16.fxe5 dxe5 17.Nf5 Ba3 18.Bd2 Qxc2 19.Ne3 Qc6 20.Nc4 Be7 21.Nxe5 Qb5 22.Nc4 Be6
23.Rac1 Nd7 24.Bf3 Bg5 25.Nd6 Qxe2 26.Bxe2 Rxc1 27.Bxc1 Bxc1 28.Rxc1 Rb8
29.Rc7 b5 30.Ra7 Nc5 31.b4 Na4 32.a3 Kf8 33.Rxa6 Nc3 34.Bd3 Ke7 35.Rc6 Kd7
36.Rxc3 Kxd6 37.Rc5 Bd7 38.e5+ Ke7 39.Be4 Rb6 40.Bd5 Ra6 41.Rc7 Rxa3 42.Bc6 Rd3
43.Kg2 Ke6 44.Rxd7 Rxd7 45.Bxd7+ Kxd7 46.Kf3 Ke6 47.Ke4 f6 48.exf6 gxf6 49.Kd4 Kd6
50.g4 Kc6 51.h3 Kd6 52.h4 Kc6 53.Ke4 Kd6 54.Kd4 Kc6 55.Ke4 Kd6 56.Kf5 Ke7
57.Kf4 Ke6 58.Ke4 Kd6  1/2-1/2

[Event "WchT U26 fin-B"]
[Site "Caracas"]
[Date "1976.??.??"]
[Round "7"]
[White "Ostos, Julio"]
[Black "Hug, Werner"]
[Result "0-1"]
[WhiteElo "2255"]
[BlackElo "2430"]

1.e4 c5 2.Nf3 e6 3.d4 cxd4 4.Nxd4 Nc6 5.Nc3 Qc7 6.Be2 Nf6 7.O-O a6 8.Be3 Bb4
9.Na4 O-O 10.Nxc6 bxc6 11.c4 Bd6 12.f4 Nxe4 13.Qc2 f5 14.c5 Be7 15.Bf3 Nf6
16.Nb6 Rb8 17.Rad1 Nd5 18.Bxd5 cxd5 19.Rc1 Bf6 20.Rfd1 Bb7 21.Nxd7 Qxd7 22.c6 Qxc6
23.Qxc6 Bxc6 24.Rxc6 Rxb2 25.Rd2 Rfb8 26.Rxe6 Rxd2 27.Bxd2 Rb2 28.Ba5 Rxa2
29.Rxa6 h6  0-1

[Event "Costa Brava"]
[Site "Costa Brava"]
[Date "1976.??.??"]
[Round "4"]
[White "Szabo, Laszlo"]
[Black "Larsen, Bent"]
[Result "0-1"]
[WhiteElo "2525"]
[BlackElo "2625"]

1.e4 c5 2.Nf3 e6 3.d4 cxd4 4.Nxd4 Nc6 5.Nc3 d6 6.Be2 Nf6 7.O-O Be7 8.Be3 Bd7
9.f4 a6 10.Kh1 O-O 11.Qe1 b5 12.a3 Qb8 13.Bf3 Nxd4 14.Bxd4 e5 15.Nd5 Nxd5
16.exd5 exd4 17.Qxe7 Bf5 18.Rac1 Re8 19.Qg5 Qc8 20.c3 h6 21.Qh5 d3 22.Rcd1 Re3
23.h3 Ra7 24.Bg4 Bxg4 25.Qxg4 Qxg4 26.hxg4 Rae7 27.Kh2 R7e4 28.b3 a5 29.Rd2 a4
30.Rb1 Rxf4 31.bxa4 bxa4 32.Rb6 Rc4 33.Rxd6 Kf8 34.Rc6 Rxc6 35.dxc6 Ke7 36.Kg1 Rg3
37.Kf2 Rxg4 38.Rxd3 Rc4 39.Re3+ Kd6 40.Rf3 f6 41.Ke2 h5 42.Kd3 Rg4 43.g3 Kxc6
44.c4 Rg5 45.Kd4  0-1

[Event "DDR-ch 25th"]
[Site "Groeditz"]
[Date "1976.??.??"]
[Round "6"]
[White "Mueller, Werner"]
[Black "Walter, Guenter"]
[Result "1-0"]
[WhiteElo "2270"]
[BlackElo "2300"]

1.e4 c5 2.Nf3 e6 3.d4 cxd4 4.Nxd4 Nc6 5.Nc3 d6 6.g3 a6 7.Bg2 Bd7 8.O-O Be7
9.Be3 Nf6 10.h3 O-O 11.Qe2 Qc7 12.g4 b5 13.a3 Rfd8 14.Rad1 Rac8 15.f4 Nxd4
16.Bxd4 Bc6 17.g5 Nd7 18.Qf2 Bf8 19.f5 Re8 20.fxe6 fxe6 21.Qf7+ Kh8 22.Qh5 Ne5
23.Bxe5 dxe5 24.Rf7 Re7 25.g6 h6 26.Rdf1 Rxf7 27.Rxf7 Bc5+ 28.Kh1 Qd6 29.Qf3 Qd4
30.Ne2 Qd1+ 31.Kh2 Rg8 32.b4 Bd6 33.Qe3 Rc8 34.Qd3 Qxd3 35.cxd3 Ra8 36.h4 Be8
37.Rb7 Bxg6 38.Rb6 Be7 39.Rxe6 Bf6 40.Kg3 a5 41.Rd6 axb4 42.axb4 Ra3 43.Bf3 h5
44.Kg2 Kh7 45.Ng3 Bxh4 46.Nxh5 Kh6 47.d4 Rxf3 48.Kxf3 Kxh5 49.Rd5 Kg5 50.Rxe5+ Kf6
51.Rxb5 Be8 52.Rb6+ Ke7 53.e5 g5 54.d5 Bh5+ 55.Ke4 Bf2 56.Rb7+  1-0

[Event "DDR-ch 25th"]
[Site "Groeditz"]
[Date "1976.??.??"]
[Round "7"]
[White "Walter, Guenter"]
[Black "Gruenberg, Hans Ulrich"]
[Result "1-0"]
[WhiteElo "2300"]
[BlackElo "2405"]

1.e4 c5 2.Nf3 Nc6 3.d4 cxd4 4.Nxd4 e6 5.Nc3 Qc7 6.Be3 a6 7.Be2 Nf6 8.f4 Bb4
9.Bf3 d5 10.e5 Nd7 11.O-O Bxc3 12.bxc3 Nb6 13.Nxc6 Qxc6 14.Bd4 Bd7 15.Qe1 Nc4
16.Qg3 g6 17.Qf2 Rc8 18.a3 h5 19.Rfb1 b5 20.h3 Rc7 21.Kh2 Bc8 22.Qe1 Nb6
23.Be2 Na4 24.Rb3 Bd7 25.Bd3 Qa8 26.f5 gxf5 27.Bxf5 Qd8 28.Qg3 Qe7 29.Rf1 Bc8
30.Bd3 Qf8 31.Rf6 Rg8 32.Qf2 Qg7 33.Be2 Qg5 34.Bf3 Bb7 35.h4 Qg7 36.Bxh5 Kd8
37.Bxf7 Rh8 38.Bxe6  1-0

[Event "DDR-ch 25th"]
[Site "Groeditz"]
[Date "1976.??.??"]
[Round "11"]
[White "Espig, Lutz"]
[Black "Hesse, Peter"]
[Result "1-0"]
[WhiteElo "2435"]
[BlackElo "2385"]

1.e4 c5 2.Nc3 e6 3.Nge2 Nc6 4.d4 cxd4 5.Nxd4 Qc7 6.Be2 a6 7.O-O Nf6 8.Kh1 Be7
9.Be3 d6 10.f4 O-O 11.Qe1 Bd7 12.Qg3 Nxd4 13.Bxd4 Bc6 14.Bd3 b5 15.Rae1 b4
16.e5 Nh5 17.Qh3 g6 18.Ne4 Bxe4 19.Rxe4 d5 20.Re2 Bc5 21.Bxc5 Qxc5 22.g4 Ng7
23.f5 exf5 24.gxf5 Rfe8 25.e6 Ra7 26.Qh6 d4 27.Rf4 gxf5 28.Bxf5 Qd5+ 29.Kg1 Rxe6
30.Bxe6 fxe6 31.Ref2 Nf5 32.Rxf5 Rg7+ 33.Qxg7+  1-0

[Event "Haifa ol (Men)"]
[Site "Haifa"]
[Date "1976.??.??"]
[Round "?"]
[White "Timman, Jan H"]
[Black "Liberzon, Vladimir M"]
[Result "1-0"]
[WhiteElo "2550"]
[BlackElo "2540"]

1.e4 c5 2.Nf3 Nc6 3.d4 cxd4 4.Nxd4 e6 5.Nc3 d6 6.f4 Nf6 7.Be3 Be7 8.Qf3 e5
9.Nxc6 bxc6 10.f5 Qa5 11.Bc4 Rb8 12.O-O-O d5 13.exd5 Ba3 14.bxa3 Qxc3 15.Bxa7 Qb2+
16.Kd2 cxd5 17.Bxb8 Qxb8 18.Bxd5 O-O 19.Kc1 Ba6 20.Rhe1 Qc7 21.Bb3 h6 22.Kb2 e4
23.Qg3 Qa5 24.Rd6 Kh7 25.Qc3 Qb5 26.a4 Qb7 27.Qc6  1-0

[Event "Haifa ol (Men)"]
[Site "Haifa"]
[Date "1976.??.??"]
[Round "?"]
[White "Bademian, Jose"]
[Black "Batres, Francisco"]
[Result "1-0"]
[WhiteElo "2205"]
[BlackElo "2200"]

1.e4 c5 2.Nf3 Nc6 3.d4 cxd4 4.Nxd4 e6 5.Nc3 a6 6.Be2 Nf6 7.Nxc6 bxc6 8.e5 Nd5
9.Bd2 Nxc3 10.bxc3 Bc5 11.Bd3 f5 12.exf6 Qxf6 13.Qh5+  1-0